A study on the coping machanisms of students with OFW fathers / (Record no. 97490)
[ view plain ]
| 000 -LEADER | |
|---|---|
| fixed length control field | 00492nam a2200145 a 4500 |
| 005 - DATE AND TIME OF LATEST TRANSACTION | |
| control field | 20140408090123.0 |
| 008 - FIXED-LENGTH DATA ELEMENTS--GENERAL INFORMATION | |
| fixed length control field | 060801s19uu xx 00 eng d |
| 050 ## - LIBRARY OF CONGRESS CALL NUMBER | |
| Classification number | PGS '06 |
| Item number | GUT #45 |
| 100 ## - MAIN ENTRY--PERSONAL NAME | |
| Personal name | Gutierrez, Jessica Irene M. |
| 245 ## - TITLE STATEMENT | |
| Title | A study on the coping machanisms of students with OFW fathers / |
| Statement of responsibility, etc | Jessia Irene M. Gutierrez. |
| 260 ## - PUBLICATION, DISTRIBUTION, ETC. (IMPRINT) | |
| Place of publication, distribution, etc | Las Pinas City : |
| Name of publisher, distributor, etc | Southville International School and Colleges, |
| Date of publication, distribution, etc | 2006. |
| 300 ## - PHYSICAL DESCRIPTION | |
| Extent | 28 leaves |
| 650 ## - SUBJECT ADDED ENTRY--TOPICAL TERM | |
| Topical term or geographic name as entry element | Descriptive method. |
| 942 ## - ADDED ENTRY ELEMENTS (KOHA) | |
| Koha item type | PASS |
| Withdrawn status | Lost status | Source of classification or shelving scheme | Damaged status | Home library | Current library | Shelving location | Date acquired | Source of acquisition | Total Checkouts | Full call number | Barcode | Date last seen | Price effective from | Koha item type | Public note |
|---|---|---|---|---|---|---|---|---|---|---|---|---|---|---|---|
| Withdrawn | Library of Congress Classification | Luxembourg Library | Luxembourg Library | Portfolio Assessment of SISC Students Section | 07/24/2006 | Donation | PGS '06 GUT #45 | P1530 | 12/12/2019 | 04/08/2014 | PASS | on loan by Dr. Tan |